The substitute for capital punishment, Great Britain and Belgium / (Record no. 174986)

MARC details
000 -LEADER
campo de control de longitud fija 00953nam a2200205 i 4500
001 - NÚMERO DE CONTROL
campo de control 174986
003 - IDENTIFICADOR DE NÚMERO DE CONTROL
campo de control ES-MaACL
005 - FECHA Y HORA DE LA ÚLTIMA TRANSACCIÓN
campo de control 20250808034529.0
008 - DATOS DE LONGITUD FIJA--INFORMACIÓN GENERAL
campo de control de longitud fija 100906s1877 xxk |||| | eng d
245 04 - MENCIÓN DEL TÍTULO
Título The substitute for capital punishment, Great Britain and Belgium /
Resto del título [Issued by the Howard Association]
260 ## - PUBLICACIÓN, DISTRIBUCIÓN, ETC.
Lugar de publicación, distribución, etc. [London :
Nombre del editor, distribuidor, etc. Howard Association,
Fecha de publicación, distribución, etc. 1877?]
300 ## - DESCRIPCIÓN FÍSICA
Extensión 4 p. ;
Dimensiones 20 cm.
650 17 - PUNTO DE ACCESO ADICIONAL DE MATERIA--TÉRMINO DE MATERIA
Término de materia o nombre geográfico como elemento de entrada Pena de muerte
Fuente del encabezamiento o término embne
9 (RLIN) 15915
710 2# - ENTRADA AGREGADA--NOMBRE DE ENTIDAD CORPORATIVA
Nombre de entidad corporativa o nombre de jurisdicción como elemento de entrada Howard Association (London)
9 (RLIN) 134440
852 ## - LOCALIZACIÓN
Ubicación ES-MaACL
Número de control de estantería D-273(9)
Ubicación en estantería Sala Valle Inclán
Marcas de propiedad Sello en tinta en la hoja de guarda anterior del volumen: "Donativo del Sr. Lastres al Ateneo de Madrid, 1907".
Encuadernación Encuadernado con otras obra formando un volumen facticio
Donativo/Legado Donación: Francisco Lastres y Juiz
itemnumber 181721
Sublocalización o colección R.FOLL.12/9
Signatura antigua Olim: 193-C-3
903 ## - NOMBRE PERSONAL DE DONANTE
a Lastres y Juiz, Francisco,
d 1848-1918
q 1
e Donante
9 70504
942 ## - ELEMENTOS DE ENTRADA SECUNDARIOS (KOHA)
Fuente del sistema de clasificación o colocación Clasificación decimal universal
Tipo de ítem Koha Folleto
Holdings
Estatus retirado Estado de pérdida Fuente del sistema de clasificación o colocación Estado de daño No para préstamo Colección Biblioteca de origen Biblioteca actual Ubicación en estantería Fecha de adquisición Fuente de adquisición Total de préstamos Signatura topográfica completa Código de barras Visto por última vez Precio de reemplazo Tipo de ítem Koha
    Clasificación decimal universal     Colección de folletos Biblioteca del Ateneo de Madrid Biblioteca del Ateneo de Madrid Sala Valle Inclán 06/09/2010 Donación   D-273(9) 901183737 23/02/2023 23/02/2023 Folleto